00342nam a2200145Ia 4500008004100000020001500041041001200056082001600068100001600084245004800100250000800148260002500156300000800181650000700189221030s9999 xx 000 0 und d a0070482853 aEnglish a105.23bPab aA. S. Pabla 0aElectric Power Distributioncby A. S. Pabla a5th bTMHaNew Delhic2006 a878 aEE